000 00473nam a2200181Ia 4500
008 090123s9999 xx 000 0 und d
082 _b3463
100 _aमिरासदार द.मा.
245 _aसरमिसळ
250 _a1
260 _c1973
300 _a150
600 _aमिरासदार द.मा.
630 _aसरमिसळ
700 _aमिरासदार द.मा.
730 _aसरमिसळ
942 _cBOOK
999 _c41543
_d41543